000 00312nam a22001337a 4500
008 181019b xxu||||| |||| 00| 0 eng d
020 _a9780071746557
041 _aeng
080 _22nd
_a330
100 _a58
101 _aBIZ
245 _aGreat Applications for Business School
_cBodine,P
942 _2udc
_cBK
999 _c50251
_d50251